La gestión cultural del patrimonio: una opción para la sostenibilidad del desarrollo local desde la identidad de las comunidades /
Сохранить в:
| Главный автор: | |
|---|---|
| Формат: | |
| Язык: | Spanish |
| Метки: |
Добавить метку
Нет меток, Требуется 1-ая метка записи!
|
MARC
| LEADER | 00000nam a22000007a 4500 | ||
|---|---|---|---|
| 003 | cru CIDCACS/IIS | ||
| 005 | 20191025103355.0 | ||
| 007 | ta | ||
| 008 | 191025s2016 cu |||p|r|||| 00| ||spa|d | ||
| 999 | |c 42547 |d 42547 | ||
| 040 | |c cru CIDCACS/IIS | ||
| 100 | 1 | |9 8744 |a Durán, Ginley | |
| 245 | 1 | 3 | |a La gestión cultural del patrimonio: |b una opción para la sostenibilidad del desarrollo local desde la identidad de las comunidades / |c Ginley Durán |
| 300 | |a páginas 14-29 | ||
| 773 | 0 | |0 41970 |9 2978 |a Centro Memorial Dr. Martin Luther King, Jr |d La Habana, Cuba: Centro Memorial Dr. Martin Luther King, Jr, |o 17975 |t Caminos: |x 10257733 | |
| 942 | |2 ddc |c PP | ||
